Musikanten in der Malerei der niederländischen Caravaggio-Nachfolge : Vorstufen, Ikonographie und Bedeutungsgehalt der Musikszene in der niederländischen Bildkunst des 16. und 17. Jahrhunderts
Saved in:
| Main Author: | |
|---|---|
| Document Type: | Thesis Book |
| Language: | German |
| Published: |
Münster [u.a.]
: Lit
, 2003
|
| Series: | Bonner Studien zur Kunstgeschichte
17 |
| Subjects: | |
| Online Access: | Rezension Rezension Rezension |
| Related Items: | Rezensiert in:
[Rezension von: Marcus Dekiert, Musikanten in der Malerei der niederländischen Caravaggio-Nachfolge] |
| Author Notes: | Marcus Dekiert |
| LEADER | 05055cam a2201045 c 4500 | ||
|---|---|---|---|
| 001 | 160518294X | ||
| 003 | DE-627 | ||
| 005 | 20260619223120.0 | ||
| 007 | tu | ||
| 008 | 030527s2003 gw ||||| m 00| ||ger c | ||
| 015 | |a 03,N07,1462 |2 dnb | ||
| 015 | |a 03,A38,1221 |2 dnb | ||
| 016 | 7 | |a 966098242 |2 DE-101 | |
| 020 | |a 3825863514 |9 3-8258-6351-4 | ||
| 035 | |a (DE-627)160518294X | ||
| 035 | |a (DE-603)111984378 | ||
| 035 | |a (DE-576)105274429 | ||
| 035 | |a (DE-599)DNB966098242 | ||
| 035 | |a (OCoLC)1531812722 | ||
| 035 | |a (OCoLC)1078714822 | ||
| 035 | |a (OCoLC)52602250 | ||
| 035 | |a (OCoLC)237800532 | ||
| 040 | |a DE-627 |b ger |c DE-627 |e rakwb | ||
| 041 | |a ger | ||
| 044 | |c XA-DE |c XA-GB |c XA-NL | ||
| 050 | 0 | |a ND1460.M87 | |
| 084 | |a 46 |2 sdnb | ||
| 084 | |a 9,10 |2 ssgn | ||
| 084 | |a LO 34280 |2 rvk |0 (DE-625)rvk/103085: | ||
| 084 | |a LI 21450 |2 rvk |0 (DE-625)rvk/95724: | ||
| 084 | |a 20.24 |2 bkl | ||
| 084 | |a 21.02 |2 bkl | ||
| 100 | 1 | |a Dekiert, Marcus |d 1970- |0 (DE-588)1030350531 |0 (DE-627)735107890 |0 (DE-576)37815379X |4 aut | |
| 245 | 1 | 0 | |a Musikanten in der Malerei der niederländischen Caravaggio-Nachfolge |b Vorstufen, Ikonographie und Bedeutungsgehalt der Musikszene in der niederländischen Bildkunst des 16. und 17. Jahrhunderts |c Marcus Dekiert |
| 263 | |a Gb. : EUR 64.00 | ||
| 264 | 1 | |a Münster [u.a.] |b Lit |c 2003 | |
| 300 | |a V, 393 S., [45] Bl. |b Ill. | ||
| 336 | |a Text |b txt |2 rdacontent | ||
| 337 | |a ohne Hilfsmittel zu benutzen |b n |2 rdamedia | ||
| 338 | |a Band |b nc |2 rdacarrier | ||
| 490 | 1 | |a Bonner Studien zur Kunstgeschichte |v 17 | |
| 502 | |a Zugl.: Bonn, Univ., Diss., 2000 | ||
| 583 | 1 | |a Archivierung/Langzeitarchivierung gewährleistet |f SSG |x XA-DE-BW |2 pdager |5 DE-16 | |
| 600 | 1 | 0 | |a Caravaggio, Michelangelo Merisi da |d 1573-1610 |x Influence |
| 648 | 7 | |a Geschichte 1550-1700 |2 gnd | |
| 648 | 7 | |a Geschichte 1500-1599 |2 gnd | |
| 648 | 7 | |a Geschichte 1600-1699 |2 gnd | |
| 650 | 0 | |a Musicians in art | |
| 650 | 0 | |a Musical instruments in art | |
| 650 | 0 | |a Painting, Dutch |y 16th century | |
| 650 | 0 | |a Painting, Dutch |y 17th century | |
| 650 | 0 | 7 | |0 (DE-588)4040802-4 |0 (DE-627)104137754 |0 (DE-576)209042346 |a Musik |2 gnd |
| 650 | 0 | 7 | |0 (DE-588)4026535-3 |0 (DE-627)104675268 |0 (DE-576)208966870 |a Ikonografie |2 gnd |
| 650 | 0 | 7 | |0 (DE-588)4147268-8 |0 (DE-627)104724188 |0 (DE-576)209755407 |a Caravaggisten |2 gnd |
| 650 | 4 | |a Geschichte 1500-1700 | |
| 655 | 7 | |a Hochschulschrift |0 (DE-588)4113937-9 |0 (DE-627)105825778 |0 (DE-576)209480580 |2 gnd-content | |
| 689 | 0 | 0 | |d g |0 (DE-588)4042203-3 |0 (DE-627)104400765 |0 (DE-576)209049030 |a Niederlande |2 gnd |
| 689 | 0 | 1 | |d s |0 (DE-588)4037220-0 |0 (DE-627)10623871X |0 (DE-576)209022892 |a Malerei |2 gnd |
| 689 | 0 | 2 | |d s |0 (DE-588)4548965-8 |0 (DE-627)271048808 |0 (DE-576)213587254 |a Musikant |g Motiv |2 gnd |
| 689 | 0 | 3 | |a z |2 gnd |a Geschichte 1550-1700 |
| 689 | 0 | |5 DE-101 | |
| 689 | 1 | 0 | |d g |0 (DE-588)4042203-3 |0 (DE-627)104400765 |0 (DE-576)209049030 |a Niederlande |2 gnd |
| 689 | 1 | 1 | |d s |0 (DE-588)4037220-0 |0 (DE-627)10623871X |0 (DE-576)209022892 |a Malerei |2 gnd |
| 689 | 1 | 2 | |d s |0 (DE-588)4548965-8 |0 (DE-627)271048808 |0 (DE-576)213587254 |a Musikant |g Motiv |2 gnd |
| 689 | 1 | 3 | |a z |2 gnd |a Geschichte 1550-1700 |
| 689 | 1 | |5 (DE-627) | |
| 751 | |a Bonn |0 (DE-588)4007666-0 |0 (DE-627)106372270 |0 (DE-576)208871632 |4 uvp | ||
| 787 | 0 | 8 | |i Rezensiert in |a Seelig, Gero, 1960 - |t [Rezension von: Marcus Dekiert, Musikanten in der Malerei der niederländischen Caravaggio-Nachfolge] |d 2004 |w (DE-627)1919524282 |
| 830 | 0 | |a Bonner Studien zur Kunstgeschichte |v 17 |9 17 |w (DE-627)337809429 |w (DE-576)025331698 |w (DE-600)2063278-2 |7 am | |
| 856 | 4 | 2 | |u https://swbplus.bsz-bw.de/bsz105274429rez.htm |m V:DE-576 |v 2005-06-06 |3 Rezension |7 1 |
| 856 | 4 | 2 | |u http://www.sehepunkte.de/2004/04/3363.html |m V:DE-576;X:Sehepunkte |q text/html |v 20180424122855 |3 Rezension |7 1 |
| 856 | 4 | 2 | |u http://scans.hebis.de/HEBCGI/show.pl?11198437_rez.pdf |m V:DE-576 |q application/pdf |3 Rezension |7 1 |
| 889 | |w (DE-627)360084044 | ||
| 935 | |i mdedup | ||
| 936 | r | v | |a LO 34280 |b Sittenmalerei, Genre |k Kunstgeschichte |k Kunst nach Ländern bzw. Kontinenten |k Holland, Belgien, Luxemburg (im folgenden als Niederlande bezeichnet) |k Niederländische Kunstgeschichte nach Gattungen |k Malerei |k Gegenstände (Darstellungen nichtikonographischen Charakters) |k Sittenmalerei, Genre |0 (DE-627)1271190303 |0 (DE-625)rvk/103085: |0 (DE-576)201190303 |
| 936 | r | v | |a LI 21450 |b Caravaggio, Michelangelo Merisi da |k Kunstgeschichte |k Künstler-Monografien |k Alphabetische Künstlerliste |k Künstler C |k Caravaggio, Michelangelo Merisi da |0 (DE-627)1270637428 |0 (DE-625)rvk/95724: |0 (DE-576)200637428 |
| 936 | b | k | |a 20.24 |j Gesellschaft |j Kultur |x Ikonographie |0 (DE-627)106423622 |
| 936 | b | k | |a 21.02 |j Geschichte der Malerei |0 (DE-627)106406698 |
| 936 | s | n | |a l300 |2 mzub |
| 951 | |a BO | ||
| 990 | |a Niederlande | ||
| 990 | |a Malerei | ||
| 990 | |a Musikant | ||
| 990 | |a Geschichte 1550-1700 | ||
| 990 | |a Niederlande | ||
| 990 | |a Malerei | ||
| 990 | |a Musikant | ||
| 990 | |a Geschichte 1550-1700 | ||
| 991 | |a Rezensiertes Werk | ||
| 999 | |a KXP-PPN160518294X |e 4988424065 | ||


